[Event "Dubai op"]
[Site "Dubai"]
[Date "2001.04.15"]
[Round "1"]
[White "Jasim, AR Saleh"]
[Black "Fedorov, Alexei"]
[Result "0-1"]
[WhiteElo "2310"]
[BlackElo "2590"]
[Annotator "Atlas,V"]
[PlyCount "64"]
[EventDate "2001.04.15"]
[EventType "swiss"]
[EventRounds "9"]
[EventCountry "UAE"]
[SourceTitle "CBM 083"]
[Source "ChessBase"]
[SourceDate "2001.07.05"]
[SourceVersion "1"]
[SourceVersionDate "2001.07.05"]
[SourceQuality "1"]

1. e4 c5 2. Nc3 Nc6 3. f4 e6 4. Nf3 d5 5. g3 Nf6 6. e5 Nd7 7. Bg2 Be7 8. O-O
O-O 9. Ne2 b5 10. d4 b4 11. c3 bxc3 12. bxc3 Ba6 13. Rf2 Qa5 14. Bd2 Nb6 15.
Nc1 Qa4 16. Nb3 cxd4 17. Nfxd4 Nxd4 18. cxd4 Rac8 19. Bh3 Bd3 20. Bb4 Bxb4 21.
Qxd3 Rc3 22. Qf1 Nc4 23. Rf3 g6 24. g4 Ne3 25. Qe2 Nc2 26. Rxc3 Bxc3 27. Rd1
Nxd4 28. Nxd4 Bxd4+ 29. Kh1 Rc8 30. Qd3 Bb6 31. f5 $2 ({A final mistake. More
stubborn was} 31. Rf1 {, although Black has a winning position anyway.}) {
[%tqu "En","An extra pawn does not always guarantee a win, but here Black has
an even more important advantage. Can you see what it is and how to use it?",
"Try to exploit a shaky position of the white rook.","Deflect the white
queen!","c8c3","This efficient blow immediately decides the game!",5]} 31...
Rc3 $1 {[%csl Rd1,Rd3,Rh3][%cal Ga4d1,Gc3h3] Gaining decisive material
advantage.} 32. Qf1 (32. Qxc3 {loses after} Qxd1+ 33. Kg2 Qg1+ 34. Kf3 Qf2#)
32... Rxh3 $1 0-1

[Event "USA-ch"]
[Site "Parsippany"]
[Date "1996.??.??"]
[Round "3"]
[White "Khmelnitsky, Igor N"]
[Black "Alburt, Lev O"]
[Result "1-0"]
[WhiteElo "2485"]
[BlackElo "2560"]
[Annotator "Bangiev,A"]
[PlyCount "49"]
[EventDate "1996.07.13"]
[EventType "tourn"]
[EventRounds "13"]
[EventCountry "USA"]
[EventCategory "12"]
[SourceTitle "CBM 055"]
[Source "ChessBase"]
[SourceDate "1996.12.01"]
[SourceVersion "1"]
[SourceVersionDate "1996.12.01"]
[SourceQuality "1"]

1. e4 Nf6 2. Nc3 d5 3. e5 Nfd7 4. f4 c5 5. Nf3 Nc6 6. g3 e6 7. Bg2 Be7 8. O-O
O-O 9. Kh1 f6 {Der Nachteil dieses Zuges besteht darin, daß das Feld e6 (und
anschlißend d5) wesentlich geschwächt wird.} (9... Rb8 {Eine Alternative
bietet 8...Rb8, mit dem Ziel mittels b7-b5, a7-a5 einen Bauernangriff am
Damenflügel durchzusetzen.}) 10. exf6 (10. Qe2 fxe5 11. fxe5 Nd4 12. Nxd4 Rxf1+
13. Bxf1 cxd4 14. Nb5 Qb6 $13) 10... Bxf6 (10... Nxf6 11. d4 $5 Ne4 12. Nxe4
dxe4 13. Ne5 Nxd4 14. Bxe4 $14) 11. Qe2 {[%csl Re6]} (11. b3 b5 12. Qe2 Re8 13.
Bb2 b4 14. Nd1 a5 15. Bxf6 Nxf6 16. Re1 Qd6 17. Nf2 a4 18. Nd3 Ba6 19. Qe3 Bxd3
20. Qxd3 h6 $14 {1/2-1/2 Schlindwein,R-Naumkin,I/Cappelle op (02) 1994 (45)})
11... Kh8 (11... Re8 12. d3 $14) 12. d3 (12. Qxe6 $2 Bxc3 $17 13. bxc3 $2 Nde5
$19) 12... Nd4 $6 (12... Nb6 13. Nd1 $14) 13. Nxd4 cxd4 14. Nd1 Re8 (14... Nc5
15. Nf2 b6 16. Ng4 $5 $16 {[%csl Re5]}) 15. Nf2 {[%csl Ye5]} e5 $5 {[%csl Yd5]}
(15... b6 16. Ng4 $16) 16. Qf3 $5 {[%csl Rd5]} (16. Bxd5 $6 exf4) (16. Qh5 Nb6
$13) 16... Qc7 $5 {[%csl Yd3,Rc2]} (16... Nb6 17. fxe5 Bxe5 18. Bf4 $1 {
[%csl Yd4]} (18. Qh5 $5) 18... Rf8 $132 (18... Bxf4 19. Qxf4 $16 {[%csl Rd4]})
19. Bg5 $5 (19. Bxe5 $6 Rxf3 20. Bxf3 Qf8 21. Bg2 Qc5 $15) 19... Qd6 (19...
Rxf3 20. Bxd8 Rf8 21. Bxb6 axb6 22. Rae1 Bf6 23. Bxd5 $16) 20. Qh5 Bf5 21. Rae1
$36) 17. Qxd5 Qxc2 18. Ne4 Nb6 19. Qc5 (19. Qf7 Be6 20. Qxb7 Qxd3 21. Nxf6 gxf6
$13) 19... Qxd3 (19... Qxc5 20. Nxc5 $36 {[%csl Rb7]}) 20. Nxf6 gxf6 21. fxe5 {
[%csl Rf6]} Bf5 $2 {/\22...Be4} (21... Nd7 $1 22. Qd6 (22. Qd5 Rxe5 23. Qf7 Qg6
$17) 22... fxe5 23. Rf7 $5 {[%csl Yd7]} (23. Bh6 Qg6 $15) (23. Bg5 $5 {[%csl
Yf6]} Qg6 24. Bf6+ Nxf6 25. Rxf6 Qg7 $13) 23... Qd1+ (23... Qg6 24. Rxd7 Bxd7
25. Qxd7 $16) 24. Bf1 Qh5 25. Bc4 (25. Rxd7 Qf3+ 26. Kg1 Bxd7 27. Qxd7 Rad8 $13
) 25... Qd1+ 26. Bf1 $10) 22. exf6 Be4 {[%csl Yg2,Rf1]} 23. Bh6 $1 $18 Nd7 (
23... Bxg2+ 24. Kxg2 Re2+ 25. Kg1 $18) 24. Bg7+ Kg8 25. Qd5+ $1 (25. Qd5+ Bxd5
26. Bxd5+ Re6 27. Bxe6#) 1-0

[Event "Belgrade GMA op"]
[Site "Belgrade"]
[Date "1988.??.??"]
[Round "?"]
[White "Sveshnikov, Evgeny"]
[Black "Palatnik, Semon"]
[Result "1-0"]
[WhiteElo "2450"]
[BlackElo "2500"]
[Annotator "Blatny,P"]
[PlyCount "171"]
[EventDate "1988.12.??"]
[EventType "swiss"]
[EventRounds "9"]
[EventCountry "YUG"]
[SourceTitle "TD"]
[Source "ChessBase"]
[SourceDate "1994.03.01"]
[SourceVersion "1"]
[SourceVersionDate "1994.03.01"]
[SourceQuality "1"]

1. e4 Nf6 2. e5 Nd5 3. c4 (3. Nc3 e6 4. d4 d6 5. Nf3 dxe5 6. Nxe5 Nxc3 7. bxc3
Nd7 8. Bf4 c5 9. Bb5 $1 {N} (9. Bd3 $10) 9... a6 (9... Be7 10. Bxd7+ Bxd7 11.
Qf3 $1 O-O 12. Qxb7 $18) 10. Bxd7+ Bxd7 11. Qf3 $1 Qe7 (11... Be7 12. Nxf7 $1
$18) 12. Qxb7 Rd8 13. Qxa6 cxd4 14. O-O Qa3 15. Qb7 $1 (15. Qxa3 $2 Bxa3 16.
cxd4 Ba4 $1 $13 {Finnlaugsson}) 15... Qa8 16. Rab1 $18 {Finnlaugsson-Jonsson,M,
corr 1988/89}) 3... Nb6 4. c5 Nd5 5. Nc3 $1 Nxc3 $6 6. dxc3 $1 (6. bxc3 d6 7.
cxd6 exd6 $1 8. exd6 Bxd6 $10) 6... d5 (6... d6 7. Bc4 Nc6 8. exd6 exd6 9. Bf4
$14 {Sveshnikov,E-Hoperia, USSR 1988}) 7. cxd6 exd6 8. Bf4 $1 {N} (8. Bc4 Nc6
$1 $10 (8... Be7 9. Bf4 dxe5 10. Qxd8+ Bxd8 11. Bxe5 $14)) 8... d5 (8... Nc6 {
>=} 9. exd6 Bxd6 10. Bxd6 Qxd6 11. Qxd6 cxd6 12. O-O-O $14) 9. Bd3 Be6 10. Nf3
Be7 11. Nd4 g6 $6 (11... Qd7) 12. Nxe6 fxe6 13. h4 Nc6 14. h5 g5 $8 15. Bg3 Qd7
16. Qc2 $16 Bf8 17. h6 Qf7 18. O-O-O Ne7 19. Qa4+ $1 (19. f4 gxf4 20. Bh4 (20.
Rdf1 Ng6 $132) 20... Ng6 21. Bf6 Rg8 $13) 19... c6 20. c4 (20. Qg4 $2 Rg8 21.
Qh5 Nf5 $10) 20... a6 (20... dxc4 21. Bxc4 Nd5 22. Bxd5 exd5 23. e6 $16) 21.
Qa5 Rd8 (21... Nf5 22. cxd5 Nxg3 (22... exd5 23. e6 $16) 23. fxg3 exd5 (23...
cxd5 24. Bb5+ $16) 24. Kb1 $16) 22. Bc2 $1 Nf5 23. cxd5 cxd5 24. Qa4+ Rd7 (
24... Qd7 25. Qg4 $16) 25. Rd3 $1 Nxh6 26. Rc3 Kd8 (26... Qe7 27. Rc8+ $18) 27.
Qa5+ Rc7 28. Qb6 Bg7 29. Rxc7 (29. Kb1 $18 {>=}) 29... Qxc7 30. Qxe6 Qc6 $1 31.
Qh3 Ke7 32. Kb1 Nf7 33. Qg4 Rc8 34. Qe2 {(+)} (34. Bf5 $18) 34... h6 35. Rd1
Qe6 36. Qd2 Bxe5 37. Re1 Kf6 {(+)} 38. Qd3 $2 (38. Bxe5+ Nxe5 39. f4 $18) 38...
Rg8 39. a3 Rg7 40. Qf3+ Ke7 41. Bb3 g4 42. Qd3 Kf6 43. Bxd5 Qd6 44. Qb3 Bxg3 $8
45. Re6+ Qxe6 46. Bxe6 Bxf2 47. Bc8 Rg5 48. Qxb7 a5 49. Qc6+ (49. Bxg4 Rxg4 50.
Qf3+ Kg5 51. Qxf2 $16) 49... Kg7 50. Qc3+ Kf8 51. Bxg4 (51. Qf6 $1 g3 (51...
Be3 52. Be6 Rg7 53. Bxf7 Rxf7 54. Qh8+ Ke7 55. Qe5+ $18) 52. Be6 Rg7 53. Bxf7
Rxf7 54. Qxh6+ Ke8 55. Qh8+ Kd7 56. Qe5 $18) 51... Re5 52. Qf3 Bh4 53. Qc6 Be7
54. Qg6 Rg5 55. Qe4 Bf6 56. Bf5 Kg7 57. Qc2 h5 58. Ka2 h4 59. Kb3 Be5 60. Ka4
Bg3 61. Qe4 Kf8 62. Qe6 Kg7 63. Kxa5 $1 Bc7+ 64. Ka4 Rxg2 65. Qd7 Be5 66. b4
Rf2 67. Be6 Bg3 68. Kb5 Kg6 69. a4 Nd6+ 70. Ka6 Rf8 71. Bd5 Rf6 72. a5 Bf2 73.
Qg4+ (73. b5 $2 Ne4+ {/\ Nc5}) 73... Kh6 74. b5 Ne8+ 75. Bc6 Nc7+ 76. Kb7 Rf7
77. b6 $18 Ne6+ 78. Ka6 Rf6 79. Bf3 Kh7 80. Be4+ Kh6 81. Bf5 Ng5 82. Kb5 h3 83.
b7 Rf8 84. Qf4 Bg3 85. Qxg3 Rxf5+ 86. Ka4 1-0

[Event "Moscow B"]
[Site "Moscow"]
[Date "1994.??.??"]
[Round "6"]
[White "Seferjan, Narek"]
[Black "Nesterov, Yakov"]
[Result "0-1"]
[WhiteElo "2350"]
[BlackElo "2460"]
[Annotator "Blatny,P"]
[PlyCount "74"]
[EventDate "1994.??.??"]
[EventType "tourn"]
[EventRounds "11"]
[EventCountry "RUS"]
[EventCategory "7"]
[SourceTitle "CBM 041"]
[Source "ChessBase"]
[SourceDate "1994.08.01"]
[SourceVersion "1"]
[SourceVersionDate "1994.08.01"]
[SourceQuality "1"]

1. e4 {Hecht} Nf6 2. e5 Nd5 3. Nc3 Nxc3 4. dxc3 (4. bxc3 $142 d6 5. f4) 4... d6
5. Nf3 Nc6 (5... Bg4 $5) 6. Bb5 (6. exd6 Qxd6 $10) 6... Bd7 7. Qe2 (7. Bf4 dxe5
8. Bxc6 Bxc6 9. Bxe5 Qxd1+ 10. Rxd1 Bxf3 11. gxf3 c6 $15) 7... a6 8. Bxc6 Bxc6
9. Bf4 (9. e6 $5) 9... e6 10. O-O-O {<->d,><d6} Be7 (10... Bxf3 11. Qxf3 d5 12.
c4 c6 $10) 11. exd6 cxd6 12. h4 {/\->0-0} O-O 13. Kb1 Rc8 14. Bg5 Bxf3 (14...
Bxg5 15. Nxg5 Bxg2 $6 16. Rhg1 Bc6 (16... Bd5 17. Qh5 h6 18. Qxh6 Bxa2+ (18...
gxh6 19. Nxe6+ Kh7 20. Nxd8 Bxa2+ 21. Kxa2 Rfxd8 $10) 19. Ka1 gxh6 20. Nxe6+
Kh7 21. Nxd8 Rfxd8 22. Kxa2 $10) 17. Qh5 h6 18. Nxe6 $1 fxe6 19. Rxg7+ Kxg7 20.
Rg1+ Kf6 21. Rg6+ Ke7 22. Rg7+ Kf6 23. Rg6+ $10 (23. Qxh6+ Ke5 24. Qe3+ Kf5 25.
Qh3+ Kf6 26. Qg4 Ke5 27. Qd4+ Kf5 28. Qg4+ $10)) 15. Qxf3 d5 16. Qe3 (16. Bxe7
$142 Qxe7 17. h5 h6 18. Rhe1 $15) 16... Bf6 (16... Bxg5 17. hxg5 {/\Qh3 <->h})
17. Qf4 h6 18. Bxf6 Qxf6 19. Qxf6 gxf6 20. Rd4 {/\Rg4,Rh3} f5 $1 21. a4 Kg7 22.
Ka2 Kf6 23. Kb3 Rg8 {<->g} 24. g3 Rg4 25. Rhd1 (25. Rxg4 fxg4 26. Re1 Rc4 {
-/+/-+ _|_ עb3}) 25... Rc4 $1 {<->4} 26. Rxc4 Rxc4 27. f3 f4 $19 {_|_} 28. g4
Ke5 29. Rd3 Kd6 30. Ka3 e5 31. b3 Rc5 32. c4 Ke6 33. Kb4 b6 34. cxd5+ Rxd5 35.
Rxd5 $2 (35. Rc3 $8) (35. Kc3 $1 {Hecht}) 35... Kxd5 36. c4+ (36. Kc3 {Hecht}
e4 37. fxe4+ Kxe4 38. Kd2 Kf3 39. g5 h5 40. c4 Kg2 41. b4 f3 $19) 36... Kd4 37.
g5 h5 {/\e4,f3-+} (37... h5 {Hecht} 38. a5 bxa5+ 39. Kxa5 e4 40. Kb6 exf3 $19)
0-1

[Event "Bern op"]
[Site "Bern"]
[Date "1992.??.??"]
[Round "6"]
[White "Sveshnikov, Evgeny"]
[Black "Gluzman, Mikhail"]
[Result "0-1"]
[WhiteElo "2560"]
[BlackElo "2425"]
[Annotator "Blatny,P"]
[PlyCount "70"]
[EventDate "1992.02.??"]
[EventType "swiss"]
[EventRounds "9"]
[EventCountry "SUI"]
[SourceTitle "CBM 028"]
[Source "ChessBase"]
[SourceDate "1992.06.01"]
[SourceVersion "1"]
[SourceVersionDate "1992.06.01"]
[SourceQuality "1"]

1. e4 Nf6 2. e5 Nd5 3. c4 Nb6 4. c5 Nd5 5. Nc3 c6 6. Bc4 e6 7. Qg4 f5 8. Qg3 b6
9. cxb6 axb6 10. Nge2 Ba6 11. d3 Qe7 12. O-O Qf7 13. Bxd5 cxd5 14. Na4 Nc6 15.
Bd2 (15. Nxb6 Rb8 16. Na4 $8 Nb4 $36) 15... b5 16. Nac3 b4 17. Nd1 Be7 18. b3
O-O 19. Nb2 Bb5 20. Rfc1 Ra3 {<->a,Pa2} 21. Qe3 f4 22. Nxf4 Bg5 23. g3 Qf5 {
><e5} 24. Rxc6 (24. d4 Rfa8) 24... Bxc6 25. Bxb4 d4 26. Qe2 (26. Qxd4 Bxf4 {
/^a8-h1,Qh3 -+}) 26... Raa8 27. Bxf8 Rxf8 28. Ng2 {/\Ne1,f4} Bf3 29. Qe1 h5 30.
Qf1 h4 31. Nc4 Qg4 32. Ne1 hxg3 33. Nxf3 (33. hxg3) 33... gxf2+ 34. Kh1 Qxf3+
35. Qg2 f1=Q+ 0-1

[Event "URS-ch58"]
[Site "Moscow"]
[Date "1991.??.??"]
[Round "5"]
[White "Lukin, Andrei M"]
[Black "Panchenko, Alexandar G"]
[Result "0-1"]
[WhiteElo "2445"]
[BlackElo "2490"]
[Annotator "Blatny,P"]
[PlyCount "46"]
[EventDate "1991.11.??"]
[EventType "swiss"]
[EventRounds "11"]
[EventCountry "URS"]
[SourceTitle "URS-ch"]
[Source "ChessBase"]
[SourceDate "1999.07.01"]
[SourceVersion "1"]
[SourceVersionDate "1999.07.01"]
[SourceQuality "1"]

1. e4 Nf6 2. d3 $6 (2. e5 {--> Alekhine}) 2... e5 $10 {--> 1.e4 e5 2.d3 Nf6} 3.
g3 {/^h1-b7} d5 $36 4. Nd2 dxe4 {<->d} 5. dxe4 Bc5 $1 {><f2} 6. h3 (6. Bg2 Ng4
7. Nh3 Bxf2+ 8. Nxf2 Ne3 9. Qf3 Nxc2+ 10. Kd1 Nxa1 $19) 6... O-O 7. Ngf3 Qe7 8.
Bg2 Rd8 9. Nh4 $6 Be6 (9... g6 10. Qe2 Nc6 11. c3 Ne8 {/\Ng7-e6}) 10. O-O Qd7
11. g4 (11. Kh2 {/^a7-g1}) 11... Nc6 12. c3 {><d3} a5 13. Re1 Qd3 $17 {צa1,
Bc1, עg1} 14. Nf5 (14. Bf1 $4 Qg3+ $19) 14... g6 15. Bf1 Qd7 16. Ng3 h5 $1 17.
gxh5 (17. g5 h4 18. Ne2 (18. Nh1 Nh7) 18... Nh7 $19) 17... Bxh3 18. hxg6 (18.
Bxh3 Qxh3 19. Qf3 Ng4 $40) 18... fxg6 19. Qe2 {/\19.Qc4+ 20.Qc5 +-} Ba7 20. Nc4
$2 (20. Nf3 $8 {/\Be3}) 20... Bg4 $1 21. Qc2 Bd1 $1 22. Qd2 Qf7 $19 23. Ne3 (
23. Qh6 Bxf2+ 24. Kxf2 Ng4+ $19) (23. Qg5 Bxf2+ 24. Kxf2 Nxe4+ $19) 23... Rxd2
0-1

[Event "Bern op"]
[Site "Bern"]
[Date "1992.??.??"]
[Round "3"]
[White "Rozentalis, Eduardas"]
[Black "Begovac, Franja"]
[Result "1-0"]
[WhiteElo "2585"]
[BlackElo "2420"]
[Annotator "Blatny,P"]
[PlyCount "79"]
[EventDate "1992.02.??"]
[EventType "swiss"]
[EventRounds "9"]
[EventCountry "SUI"]
[SourceTitle "CBM 028"]
[Source "ChessBase"]
[SourceDate "1992.06.01"]
[SourceVersion "1"]
[SourceVersionDate "1992.06.01"]
[SourceQuality "1"]

1. e4 Nf6 2. Nc3 d5 3. exd5 Nxd5 4. Bc4 e6 5. Nf3 Nxc3 6. bxc3 Be7 7. O-O O-O
8. d4 Nd7 9. Qe2 c5 10. Bd3 Nf6 11. Bg5 Nd5 12. Bd2 Bd7 13. Ne5 Bc6 14. Rad1
Nf6 15. Bg5 Qd5 16. f4 cxd4 17. cxd4 h6 18. Bxf6 Bxf6 19. c3 Rac8 20. Ng4 Bd8
21. Kh1 Re8 22. c4 Qa5 (22... Qxd4 $4 23. Bh7+ $18) 23. Bb1 {/^b1-h7} Bc7 24.
Ne5 {[+] ><f7} f5 25. d5 Ba4 (25... exd5 26. Bxf5 Rcd8 27. Qh5 Bxe5 28. fxe5
$18) 26. Rc1 Bxe5 27. fxe5 Bd7 28. Qd3 Qc5 29. h3 {<->1} b5 30. dxe6 Bxe6 31.
cxb5 Qxc1 32. Rxc1 Rxc1+ 33. Kh2 Rec8 34. a4 R1c5 35. Qd6 Kf7 36. Qa6 R8c7 37.
a5 Bc4 38. Bxf5 Rxb5 39. Qd6 Re7 40. Bg6+ 1-0

[Event "Alushta4"]
[Site "Alushta"]
[Date "1994.??.??"]
[Round "3"]
[White "Sveshnikov, Evgeny"]
[Black "Morozevich, Alexander"]
[Result "1/2-1/2"]
[WhiteElo "2585"]
[BlackElo "2590"]
[Annotator "Blatny,P"]
[PlyCount "103"]
[EventDate "1994.??.??"]
[EventType "tourn"]
[EventRounds "9"]
[EventCountry "UKR"]
[EventCategory "13"]
[SourceTitle "CBM 042"]
[Source "ChessBase"]
[SourceDate "1994.10.01"]
[SourceVersion "1"]
[SourceVersionDate "1994.10.01"]
[SourceQuality "1"]

1. e4 Nf6 2. e5 Nd5 3. c4 (3. d4 {--> Alekhine Defence diskette}) 3... Nb6 4.
c5 Nd5 5. Nc3 e6 (5... c6 6. d4 (6. Bc4 d6 (6... Nxc3 7. dxc3 d5 8. cxd6 exd6
9. Nf3 d5 10. Bd3 Bg4 11. h3 Bh5 12. Bf4 Nd7 13. Qe2 Nc5 14. Bc2 Ne6 15. Be3
Be7 16. O-O-O Qa5 17. Kb1 O-O-O 18. g4 Bg6 19. Bf5 $16 {Dubinin-Aronin/Moskva/
1947/}) 7. Qb3 (7. exd6 Nxc3 8. dxc3 exd6 9. cxd6 Bxd6 $10) (7. cxd6 exd6 8.
Qb3 dxe5 $10) (7. Nxd5 $2 cxd5 8. Bxd5 e6 $1 9. Bf3 dxe5 10. b4 e4 $1 {/\Qd4,
צa1,Be4}) 7... dxe5 8. Nxd5 cxd5 9. Bxd5 e6 10. Bxb7 Bxb7 11. Qxb7 Qd5 $1 12.
Qc8+ Ke7 13. Qc7+ Kf6 14. d4 Nc6 15. Nf3 Nxd4 16. Bg5+ Kg6 17. Nxe5+ Kxg5 $13 {
Sveshnikov-Palatnik/Cheliabinsk/1974/} 18. Nxf7+ $2 Kf6 19. Nxh8 $2 (19. Qf4+
Qf5 20. Qxf5+ exf5 21. Nxh8 Nc2+ (21... Bxc5 22. Rc1 Bb6 $19 {_|_}) 22. Ke2
Nxa1 23. Rc1 Be7 24. Rxa1 Bxc5 25. Rc1 Bb6 26. Rc6+ Ke7 27. Ng6+ hxg6 28. Rxg6
Bd4 29. b3 Rc8 $19) 19... Qe4+ 20. Kf1 Qd3+ 21. Kg1 Ne2+ 22. Kf1 Ng3+ 23. Kg1
Qf1+ 24. Rxf1 Ne2#) (6. Nxd5 cxd5 7. d4 d6 8. cxd6 exd6 9. Nf3 {--> 5.Nc3 e6 6.
Nd5 ed 7.d4 d6 8.cd ed 9.Nf3}) 6... d6 7. cxd6 exd6 8. Nf3 Be7 9. Bc4 Nc7 10.
O-O O-O 11. Re1 d5 12. Bd3 Ne6 13. Qc2 g6 14. Bh6 Re8 15. g3 {/\h4-> >>
Sveshnikov-Stavrinovs/Lettland/1994/}) 6. d4 Nxc3 7. bxc3 b6 8. cxb6 (8. Qg4
bxc5 $1 (8... h6) 9. Bg5 Be7 $8 (9... f6 $4 10. exf6 gxf6 11. Qh5+ Ke7 12.
Bxf6+ Kxf6 13. Qh4+ $18) 10. Bxe7 Qxe7 11. Qxg7 Rf8 $17 {ק[+]}) 8... axb6 9.
Nf3 (9. Qg4 $5 {/\׻P}) 9... Bb7 10. Bd3 d6 {/\Nd7->Pe5} 11. O-O Be7 12. Re1
Nd7 13. Bc2 (13. Be4 Bxe4 (13... d5 14. Bc2 O-O $6 15. Qd3 g6 16. Bh6 Re8 17.
g3 {/\h4,h5->>>}) 14. Rxe4 dxe5 (14... d5 15. Re2 {+/=/+/-} (15. Rg4 g6 {/\h5}
16. Bh6 $16 {צh8})) 15. dxe5 (15. Nxe5 Nxe5 16. Rxe5 Bf6 {=/=/+}) 15... Nc5
16. Rd4 (16. Qxd8+ Rxd8 {=/+/-/+}) 16... Qc8 17. Bg5 $132) 13... Ra5 $1 14. Nd2
$6 (14. exd6 $10) 14... dxe5 $1 15. Nc4 Ra7 $6 (15... Rd5 $142 16. Be4 exd4 17.
Bxd5 exd5 $17) 16. Nxe5 Nxe5 17. Rxe5 Bf6 18. Re1 Qa8 19. f3 O-O (19... Rxa2 $4
20. Ba4+ $18) 20. Bf4 $14 g6 (20... Rxa2 21. Bxh7+ Kh8 (21... Kxh7 $4 22. Qb1+
$18) 22. Rxa2 Qxa2 23. Bb1 Qb2 24. Qd3 g6 $8 25. Re2 $14) 21. Bb3 (21. Bxc7 $2
Bxf3 $1 22. gxf3 (22. Qxf3 Qxf3 23. gxf3 Rxc7 24. Re3 Rxc3 $19) 22... Rxc7 $17)
21... c5 22. dxc5 $1 (22. Be5 Bxe5 23. dxe5 (23. Rxe5 Rd8 {/\cxd4=/+}) 23... b5
$1 24. c4 Rd8 25. Qe2 b4 $15) 22... bxc5 (22... Bxc3 $2 23. cxb6 Ra6 24. Bc7
$16) (22... Rd8 23. Qe2 $1 bxc5 (23... Bxc3 24. cxb6 Ra6 25. Be5 $1 $36) 24.
Be5 Bxe5 25. Qxe5 Ra5 26. Qf6 $14) 23. Be5 Bg5 (23... Rd8 $2 24. Bxf6 $1 Rxd1
25. Raxd1 c4 (25... Bd5 26. Bxd5 exd5 27. Rxd5 $1 $18) 26. Bxc4 Ra4 27. Bb3 Bd5
28. Bxd5 Qa7+ 29. Kh1 Rf4 30. Rxe6 $18) 24. Qe2 Ba6 25. c4 Rd7 26. Rad1 (26.
Bc3 Qb8 {/^c3-e5-h8}) 26... Rfd8 27. Rxd7 Rxd7 28. Rd1 Qd8 29. Rxd7 Qxd7 30.
Bc3 f6 31. Bc2 (31. a4 $142) 31... Kf7 32. Kf2 Qd6 33. g3 f5 34. Qd3 Qc7 35. a4
Bf6 36. Bxf6 Kxf6 37. f4 e5 $1 $10 38. fxe5+ Qxe5 39. a5 Qc7 40. Qc3+ Ke6 $2 (
40... Qe5 41. Qd3 $10) 41. Ba4 {/\->K} Qb7 42. Qe3+ Kf6 43. Qc3+ Ke6 (43... Kf7
44. Qh8 $16) 44. Qe1+ $1 Kd6 (44... Kf6 45. Qa1+ Kf7 46. Bb5 $1 $16) 45. Qd2+
Kc7 (45... Ke6 46. Bb5 Bxb5 47. Qe2+ $1 {/\cxb5 2P<<}) 46. Qf4+ $2 (46. Qd7+
$142 Kb8 47. Qd6+ Ka7 (47... Ka8 $4 48. Bc6 $18) 48. Qxc5+ Kb8 49. Bb5 Qa7 50.
Qxa7+ Kxa7 51. Ke3 $18) 46... Kc8 47. Qd6 (47. Qe5 $142 Qb4 (47... Qc7 $14) 48.
Qe6+ $1 Kb7 49. Bc6+ Kc7 50. Qd7+ Kb8 51. Qd8+ Bc8 52. Qd6+ Ka7 53. Qc7+ Bb7
54. Bxb7 Qxb7 55. Qxc5+ Ka6 $16) 47... Qb2+ 48. Kf3 Bb7+ (48... Qc3+ $142 49.
Kg2 Qxa5 50. Bd7+ Kb7 51. Bc6+ Ka7 $10) 49. Kf4 (49. Bc6 $142) 49... Qc1+ 50.
Ke5 Qa1+ 51. Ke6 Qxa4 52. Qf8+ (52. Qf8+ Kc7 53. Qd6+ Kc8 $10) 1/2-1/2

[Event "URS-ch46 First League"]
[Site "Ashkhabad"]
[Date "1978.??.??"]
[Round "7"]
[White "Makarichev, Sergey"]
[Black "Alburt, Lev O"]
[Result "1-0"]
[WhiteElo "2495"]
[BlackElo "2510"]
[Annotator "Bulletin"]
[PlyCount "53"]
[EventDate "1978.10.??"]
[EventType "tourn"]
[EventRounds "17"]
[EventCountry "URS"]
[EventCategory "10"]
[SourceTitle "MCL"]
[Source "ChessBase"]
[SourceDate "1999.07.01"]
[SourceVersion "1"]
[SourceVersionDate "1999.07.01"]
[SourceQuality "1"]

1. e4 Nf6 2. e5 Nd5 3. c4 Nb6 4. c5 Nd5 5. Bc4 c6 6. Qe2 Qa5 7. Nf3 Qxc5 8. d4
Qb4+ 9. Nbd2 d6 10. O-O Bg4 11. h3 Bxf3 12. Nxf3 e6 13. Ng5 Be7 14. Bd2 Qb6 15.
Nxe6 $3 fxe6 16. exd6 Bf6 (16... Bxd6 17. Qxe6+ Be7 18. Bg5 Qc7 19. Rfe1) 17.
Qxe6+ Kd8 (17... Kf8 18. Qc8+ Qd8 19. Qxb7 Nd7 20. Qxc6 $16) 18. Rfe1 Qxd4 19.
Ba5+ b6 20. Re4 Qc5 21. b4 Nxb4 22. Bxb4 Qxb4 23. Rae1 Rf8 24. Bb3 Qa3 25. Bd1
Qa6 26. Bg4 Qb7 27. Qe8+ 1-0

[Event "Policka"]
[Site "Policka"]
[Date "1993.??.??"]
[Round "1"]
[White "Hausner, Ivan"]
[Black "Pribyl, Josef"]
[Result "1-0"]
[WhiteElo "2465"]
[BlackElo "2470"]
[Annotator "Bulletin"]
[PlyCount "41"]
[EventDate "1993.??.??"]
[EventType "tourn"]
[EventRounds "9"]
[EventCountry "CZE"]
[EventCategory "5"]
[SourceTitle "CBM 038"]
[Source "ChessBase"]
[SourceDate "1994.02.01"]
[SourceVersion "1"]
[SourceVersionDate "1994.02.01"]
[SourceQuality "1"]

1. e4 Nf6 2. e5 Nd5 3. Nc3 Nxc3 4. bxc3 d6 5. Nf3 dxe5 (5... Nc6 $10) 6. Nxe5
Nd7 7. Nf3 e6 8. d4 b6 $2 9. Bb5 $1 Bd6 (9... Bb7 10. Ne5) 10. Bg5 f6 11. Bd2
Bb7 12. Qe2 Qe7 13. O-O a6 $6 (13... O-O-O 14. a4 {/\ 15.Ba6->}) 14. Bd3 e5 $6
15. Rae1 O-O 16. Nh4 Qf7 (16... g6 17. Bh6 Rfe8 18. Qg4 $16) 17. Qg4 {/\ 18.Bf5
} e4 (17... Bd5 18. c4 Be6 (18... Bxc4 19. Nf5) 19. Qe2 Qe7 20. f4 $1) 18. Nf5
$1 Qg6 19. Bc4+ $1 (19. Qxg6 hxg6 20. Nxd6 cxd6 21. Bxe4 Bxe4 22. Rxe4 $16)
19... Kh8 20. Qxg6 hxg6 21. Re3 $1 1-0

[Event "POL-ch 52nd"]
[Site "Warsaw"]
[Date "1995.??.??"]
[Round "3"]
[White "Grabarczyk, Bogdan"]
[Black "Oliwa, Marek"]
[Result "1-0"]
[WhiteElo "2375"]
[BlackElo "2405"]
[Annotator "Bulletin"]
[PlyCount "77"]
[EventDate "1995.02.11"]
[EventType "tourn"]
[EventRounds "17"]
[EventCountry "POL"]
[EventCategory "8"]
[SourceTitle "EXT 1999"]
[Source "ChessBase"]
[SourceDate "1998.11.16"]
[SourceVersion "1"]
[SourceVersionDate "1998.11.16"]
[SourceQuality "1"]

1. e4 Nf6 2. Nc3 d5 3. e5 Nfd7 4. d4 c5 5. f4 cxd4 6. Nb5 Nc6 7. Nf3 Qa5+ 8.
Qd2 Qb6 9. Nbxd4 Nc5 10. Nb3 $6 (10. c3) 10... Bg4 11. Qf2 Qb4+ $6 12. Bd2 Qe4+
13. Be2 Nxb3 14. axb3 Qxc2 15. e6 $1 Bxe6 16. O-O Bd7 17. Rfc1 $2 (17. b4 e6
18. Rfc1) 17... Qxb3 18. Bd1 Qd3 19. b4 e6 20. Be2 Qe4 21. b5 Nb4 22. Rc7 $2 (
22. Rxa7 $1 Rxa7 23. Qxa7 Qxe2 24. Qb8+ Ke7 25. Bxb4+ Kf6 26. Qe5+ Kg6 27. Qg5#
) 22... Bd6 23. Rxb7 Rc8 24. Kh1 Bc5 25. Qf1 d4 $2 (25... f6 $1) 26. Rxd7 Kxd7
27. Ne5+ Ke8 28. Rc1 d3 29. Bf3 Qd4 30. Rc4 Qd8 31. Rxc5 $1 Rxc5 32. Bxb4 Rd5
33. Bxd5 Qxd5 34. Qc1 $1 Qb7 35. Qc4 h5 36. Qxd3 h4 37. h3 Qc8 38. Kh2 Rh5 39.
Qd6 1-0